000 00803nam a2200181 4500
005 20251216135849.0
008 170705b xxu||||| |||| 00| 0 eng d
022 _a0091-4169
082 _aDPer 364.05 J826 Summer 2011 v. 101 n. 3
100 _921042
_aWalen, Alec.
245 _aCriminalizing statements of terrorist intent :
_bhow to understand the law governing terrorist threats, and why it should be used instead of long-term preventive detention /
_cAlec Walen.
260 _aEvanston :
_bNorthwestern University Press ,
_cSummer 2011.
300 _aVolume 101, pages 855-884 :
_c25 cm.
500 _aThe Journal of Criminal Law and Criminology, vol. 101, no. 3, pages 803-854, Summer 2011.
650 0 _921043
_aTerrorism
_xPrevention
700 _aWalen, Alec.
_921042
942 _2ddc
_cPER
999 _c6949
_d6949